000 00931nas a2200313 4500
001 BR0002410
003 BR-BrBNA
005 20231205101839.0
007 ta
008 230509b bl.|||p| |||| 00| 00por d
040 _aBR-BrBNA
_bpor
_cBiblioteca Nacional de Agricultura
041 _a(Pt)
072 _aF01; F40
100 1 _aAntunes, L.E.C.
100 1 _aChalfun, N.N.J.
100 1 _aRegina, M. de A.
100 1 _aDuarte Filho, J.
245 1 _aFenologia e producao de variedades de amora-preta nas condicoes do planalto de Pocos de Caldas, MG
650 _aAmora Preta
650 _aVariedade
650 _aFruto
650 _aFloracao
650 _aFenologia
650 _aMeio Ambiente
650 _aMinas Gerais
773 0 _tRevista Brasileira de Fruticultura (Brazil)
_xISSN 0100-2945
_g(Apr 2000), v. 22(1) p. 89-95
_wBR0002410
909 _a202311
_bLúcia
_c55
_dLúcia Elande
942 _2AGRIS
_n0
_cANA
999 _c164292
_d164292